| 000 | 00553nam a22001817a 4500 | ||
|---|---|---|---|
| 005 | 20251108164352.0 | ||
| 008 | 250721s9999 xx 000 0 ara d | ||
| 082 | 1 | 4 | _a411.52/احم |
| 100 | 1 | _aحماد، أحمد عبد الرحمن | |
| 245 | 1 | 0 |
_aعوامل التطور اللغوي : _bدراسة في نمو و تطور الثروة اللغوية / |
| 264 | 1 |
_aدبي : _c[19-]. |
|
| 300 | _a238ص | ||
| 650 | 1 | 7 | _aاللغة العربية |
| 650 | 1 | 7 | _aالألفاظ |
| 650 | 1 | 7 | _aالقواميس |
| 942 |
_2ddc _cBK |
||
| 999 |
_c10456 _d10456 |
||